Music Quiz

Random Music or Country Music Quiz

Guess the Terri Clark Lyrics_1 Quiz Stats

 Plays Quiz not verified by Sporcle

Support Sporcle.
Go Orange.
Score 0/205 Timer 06:00
0 Plays Today
Lyrics % Correct
I
94.7%
I
94.7%
I
94.7%
I
94.7%
I
94.7%
I
94.7%
I
94.7%
I
94.7%
I
94.7%
I
94.7%
I
94.7%
I
94.7%
I
94.7%
I
94.7%
I
94.7%
a
92.1%
and
92.1%
a
92.1%
and
92.1%
the
92.1%
and
92.1%
a
92.1%
and
92.1%
the
92.1%
and
92.1%
and
92.1%
a
92.1%
and
92.1%
the
92.1%
and
92.1%
a
92.1%
and
92.1%
a
92.1%
you
73.7%
you
73.7%
you
73.7%
you
73.7%
you
73.7%
you
73.7%
you
73.7%
you
73.7%
you
73.7%
you
73.7%
an
71.1%
an
71.1%
an
71.1%
an
71.1%
an
71.1%
do
68.4%
do
68.4%
do
68.4%
me
63.2%
me
63.2%
it
63.2%
me
63.2%
it
63.2%
me
63.2%
it
63.2%
is
57.9%
are
57.9%
are
57.9%
that
52.6%
don't
52.6%
too
52.6%
too
52.6%
don't
52.6%
you're
50%
I'm
50%
I'm
50%
Lyrics % Correct
I'm
50%
I'm
50%
I'm
50%
I'm
50%
I'm
50%
I'm
50%
I'm
50%
what
47.4%
what
47.4%
this
47.4%
why
47.4%
why
47.4%
know
44.7%
girl
44.7%
know
44.7%
girl
44.7%
my
44.7%
my
44.7%
girl
44.7%
know
44.7%
girl
44.7%
girl
44.7%
I've
39.5%
so
39.5%
just
39.5%
just
39.5%
see
36.8%
but
36.8%
can't
36.8%
got
36.8%
but
36.8%
some
36.8%
can't
36.8%
but
36.8%
can't
36.8%
Got
36.8%
but
36.8%
but
36.8%
I'd
34.2%
never
34.2%
been
31.6%
any
31.6%
heart
31.6%
heart
31.6%
heart
31.6%
at
28.9%
at
28.9%
Bet
28.9%
thinkin
28.9%
get
28.9%
get
28.9%
like
28.9%
like
28.9%
say
28.9%
cry
26.3%
way
26.3%
things
26.3%
down
26.3%
with
26.3%
cry
26.3%
way
26.3%
things
26.3%
lookin
23.7%
lookin
23.7%
you'd
23.7%
could
23.7%
boy
23.7%
could
23.7%
could
23.7%
Lyrics % Correct
boy
23.7%
could
23.7%
boy
23.7%
before
21.1%
better
21.1%
sometimes
21.1%
sometimes
21.1%
sometimes
21.1%
give
21.1%
car
21.1%
anything
21.1%
sometimes
21.1%
sometimes
21.1%
sometimes
21.1%
give
21.1%
give
21.1%
let
18.4%
laugh
18.4%
that's
18.4%
yeah
18.4%
that's
18.4%
stop
18.4%
once
18.4%
laugh
18.4%
that's
18.4%
yeah
18.4%
yeah
18.4%
emotional
15.8%
help
15.8%
both
15.8%
emotional
15.8%
lights
15.8%
may
15.8%
cause
15.8%
emotional
15.8%
help
15.8%
both
15.8%
emotional
15.8%
emotional
15.8%
cool
13.2%
exterior
13.2%
river
13.2%
flows
13.2%
myself
13.2%
warning
13.2%
music
13.2%
loud
13.2%
low
13.2%
driving
13.2%
fast
13.2%
myself
13.2%
warning
13.2%
warning
13.2%
underneath
10.5%
ragin
10.5%
nearer
10.5%
whirl
10.5%
dancin
10.5%
slow
10.5%
extreme
10.5%
start
10.5%
half
10.5%
whirl
10.5%
whirl
10.5%
passionate
7.9%
passionate
7.9%
folks
5.3%

You're not logged in!

Compare scores with friends on all Sporcle quizzes.
OR
Log In

From the Vault

Futurama Characters

by Matt

Painstakingly Drawn in Front of a Live Audience.
Remove Ads.
Support Sporcle.
Get the best of Sporcle when you Go Orange. This ad-free experience offers more features, more stats, and more fun while also helping to support Sporcle. Thank you for becoming a member.

Show Comments

Extras

Top Quizzes Today


Score Distribution

Your Account Isn't Verified!

In order to create a playlist on Sporcle, you need to verify the email address you used during registration. Go to your Sporcle Settings to finish the process.

Report this User

Report this user for behavior that violates our Community Guidelines.

Details: